000 01043cam a2200229 4500
001 L136524
008 070205n2007 000 0 eng u
035 _a(Sirsi) u136524
041 0 _aeng
050 0 4 _a346.410438 $2 18
110 1 _aUnited Kingdom
_bDepartment for Constitutional Affairs
_94899
245 0 0 _aLocal land charge fees
_bguidance for registering authorities on setting fees for local land charge services in England
_h[electronic resource]
260 _aLondon
_bDCA
_c2007
520 _aSets out for consultation the proposed guidance for registering authorities in England on setting fees for local land charge services (other than personal searches of the local land charges register).
590 _aKA NTK
650 2 4 _aLOCAL LAND CHARGES ACT 1975
650 2 4 _aCONSTITUTIONAL REFORM ACT 2005
651 4 _aEngland
_y886-
690 _aPROPERTY-PROPERTY TAXATION
856 4 0 _uhttps://www.dca.gov.uk/consult/land_fees/cp2506.htm#resp
_zView the consultation paper free of charge at www.dca.gov.uk...
942 _n0
999 _c106418
_d106418